000 00470nam a22001937a 4500
003 MPLRDC
005 20220104143806.0
008 210129b ||||| |||| 00| 0 eng d
020 _a957-97814-0-8
082 _a424.4 XGY
100 _a西冈一
245 _a正确选择化妆品的方法
_c杨淑云 译
250 _a初版
260 _a
_b培真文化
_c2001
300 _b
490 _a健康生活. 1
650 _a化妆品
942 _cBK
_o424.4 XGY
999 _c43385
_d43375